000 00828nam a2200217Ii 4500
003 JO-AjNU
008 230605s9999||||xx |||||||||||||| ||und||
017 _a1986/1164
040 _aJO-AjNU
_bara
_erda
_cJO-AjNU
041 _aara
050 1 4 _aPJ7737.M876 1986
100 3 _aتأليف الموسوي،محسن جاسم,
_eauthor
_920486
245 0 0 _aالوقوع في دائرة السحر: ألف ليلة وليلة في نظرية الأدب الإنجليزي
250 _aط2
264 3 1 _aبغداد:دار الشؤون الثقافية العامة،1986
300 _a439ص
_bمصور
336 _atext
_btxt
_2rdacontent
337 _aunmediated
_bn
_2rdamedia
338 _avolume
_bnc
_2rdacarrier
650 4 _a القصة الشعبية - تاريخ ونقد - الأدب الشعبي العربي
_920487
999 _aA6951
_c10519
_d10519